000 00550nas a22001697a 4500
008 210325b th ||||| |||| 00| 0 tha d
022 _a08584753
041 0 _atha
245 1 0 _aวารสาร พ.ส.ล.
260 3 _bองค์การพุทธศาสนิกสัมพันธ์แห่งโลก
310 _aรายสามเดือน
850 _aNALT
942 _cJNR
997 _c44942
999 _c84942
_d84942